Universiti sebagai taman minda

Bibliographic Details
Main Author: AWANG Had Salleh 1934-
Format: Book
Published: Bangi, Selangor : UKM , 1998
Series:Siri Latar ATMA
Subjects:

MARC

LEADER 00000cam a2200000 7i4500
001 0000000655
005 20031020.0
020 0 0 |a 967942490X 
090 0 0 |a 378.00595   |b AWA 1998 
100 0 0 |a AWANG Had Salleh   |f Tan Sri Dato'   |c 1934- 
245 1 0 |a Universiti sebagai taman minda   |c Awang Had Salleh 
260 0 0 |a Bangi, Selangor :   |b UKM ,   |c 1998 
300 |a 32 p. ;   |c 23 cm. 
440 0 0 |a Siri Latar ATMA 
650 0 0 |a Education and state   |z Malaysia 
650 0 0 |a Universities and colleges   |z Malaysia 
998 |a JPSM 
999 |a 0000001966   |b Monograph   |c Open Shelf   |e Default branch